000 00448pab a2200169 454500
008 180718b2006 xxu||||| |||| 00| 0 eng d
100 _aGhimire, Kleber
245 _aFinancial independence among NGOs and social movements: introduction
260 _c2006
300 _ap.4-10.
362 _aJun
650 _aSocial movements
650 _aSocial change
650 _aNongovernmental organizations
773 _aDevelopment
909 _a71495
999 _c71495
_d71495